An Armenian artist in Ottoman Egypt : Yuhanna al-Armani and his Coptic icons /
Saved in:
Main Author:
Other Authors:
Format: Book
Language: English
Edition: "A Friends of Armenian Culture edition."
Subjects:
Tags: Add Tag
No Tags, Be the first to tag this record!
Call Number: N8189 .E32 J57 2008
| LEADER | 01496namaa2200373 4500 | ||
|---|---|---|---|
| 001 | 14757 | ||
| 003 | OSt | ||
| 005 | 20201028095940.0 | ||
| 008 | 130303s2008 ua af g b 001 0 eng d | ||
| 952 | |0 0 |1 0 |2 lcc |4 0 |6 N8189 E32 J57 02008 |7 1 |9 7111 |a ARCE |b ARCE |d 2020-10-28 |l 0 |o N8189 .E32 J57 2008 |p 1000633 |r 2020-10-28 00:00:00 |w 2020-10-28 |y BK | ||
| 999 | |c 15204 |d 15204 | ||
| 020 | |a 9789774161520 | ||
| 040 | |c ARCE Library | ||
| 043 | |a f-ua--- | ||
| 050 | 0 | 4 | |a N8189 .E32 J57 2008 |
| 100 | 1 | |6 880-01 |a Jirjis, Majdī, |e author | |
| 245 | 1 | 3 | |a An Armenian artist in Ottoman Egypt : |b Yuhanna al-Armani and his Coptic icons / |c Magdi Guirguis ; photographs by Nabil Mankabadi. |
| 250 | |a "A Friends of Armenian Culture edition." | ||
| 264 | 1 | |a Cairo ; |a New York : |b American University in Cairo Press, |c 2008. | |
| 300 | |a xii, 131 pages, [16] pages of plates : |b color illustrations ; |c 24 cm. | ||
| 336 | |a text |b txt |2 rdacontent | ||
| 337 | |a unmediated |b n |2 rdamedia | ||
| 338 | |a volume |b nc |2 rdacarrier | ||
| 504 | |a Includes bibliographical references (pages 109-121) and index. | ||
| 600 | 0 | 0 | |a Yuhanna, |c al-Armani. |
| 650 | 0 | |a Coptic icons. | |
| 650 | 0 | |a Icons, Armenian |z Egypt |z Cairo. | |
| 650 | 0 | |a Icon painting |z Egypt |x History. | |
| 650 | 0 | |a Armenians |z Egypt |x History. | |
| 651 | 0 | |a Egypt |x Civilization |y 638-1798. | |
| 700 | 1 | |a Mankabadi, Nabil. |9 35308 | |
| 880 | 1 | |6 100-01/(3/r |a جرجس، مجدي. | |
| 901 | |a reviewed | ||
| 942 | |c BK |2 lcc | ||
